Skąd pochodzą agenci w Valorant - Statystyki

Ogólne statystyki
  • Ten quiz został rozwiązany 950 razy
    401 od ostatniego zresetowania
  • Średni wynik to 13 z 20
Statystyki odpowiedzi
Postać Kraj % Poprawnych
Chamber Francja
85%
Sage Chiny
78%
Yoru Japonia
77%
Killjoy Niemcy
77%
Sova Rosja
77%
Jett Korea Południowa
75%
Brimstone Stany Zjednoczone
73%
Raze Brazylia
67%
Reyna Meksyk
67%
Deadlock Norwegia
62%
Viper Stany Zjednoczone
62%
Cypher Maroko
61%
Fade Turcja
59%
Phoenix Wielka Brytania
59%
Neon Filipiny
55%
Breach Szwecja
52%
Gekko Stany Zjednoczone
51%
Skye Australia
50%
Astra Ghana
50%
Harbor Indie
49%
Nie znaleziono quizów pasujących do podanych kryteriów
Rozkład punktacji
Procent ludzi z każdym wynikiem
Percentyl według liczby udzielonych odpowiedzi
Twoja historia wyników
Nie rozwiązałeś tego quizu od ostatniego zresetowania